| 000 | 00652nam a2200205 a 4500 | ||
|---|---|---|---|
| 003 | OSt | ||
| 005 | 20160421180217.0 | ||
| 008 | 020226q1994 slv spa | ||
| 020 | _a0-19-282283-7 | ||
| 040 | _cBMC | ||
| 082 | _a823 | ||
| 100 | 1 |
_aShelley, Mary _936555 _d1797-1851 |
|
| 245 | 1 | 0 |
_aFrankenstein or the modern prometheus _b: the 1818 text _cMary Shelley ; edited with introduction and notes by, Marilyn Butler |
| 260 |
_aNew York _bOxford University Press _c1994 |
||
| 300 |
_aLVIII, 261 p. _c19 cm |
||
| 490 | _aWorld´s Classics | ||
| 650 | 2 | 4 |
_911162 _aNovela inglesa |
| 700 | 1 |
_aButler, Marilyn _939308 _d1937-2014 |
|
| 942 |
_2ddc _cBK |
||
| 999 |
_c19912 _d19912 |
||